000 01068nam a2200265 a 4500
008 870812s1985 cu 000 0 spa
010 _a 86218100
040 _aDLC
_cDLC
_dDLC
_cEG-GiCUC
050 0 0 _aPQ7389.L68
_bM5 1985
082 0 0 _a862
_219
092 0 4 _a862.64
_bL868m
_221
099 _a04
_a862.64 L868m
100 1 _aLoredo Alonso, Romulo.
245 1 4 _aLas mil y una noches guajiras :
_bperfil libre /
_cRâomulo Loredo.
260 _aCiudad de la Habana :
_bUniâon de Escritores y Artistas de Cuba,
_cc1985.
300 _a567 p. ;
_c18 cm.
505 0 _aLas mil y una noches guajiras -- Carnaval en pueblo chico -- Baile de sociedad -- El mâedico improvisado -- El velorio de Pachencho -- Mefistâofeles -- Apâendice -- Algunas consideraciones acerca del teatro bufo cubano.
600 1 0 _aLoredo Alonso, Romulo.
650 0 _aSpanish drama
_y20th century.
902 _a1
905 _aJamal
_eRev.
905 _aJihan
_eCat.
942 _2ddc
_cBK
999 _c138274
_d138274